| 000 | 00872nam a22001937a 4500 | ||
|---|---|---|---|
| 005 | 20260108123620.0 | ||
| 010 | _aHIN-130724 | ||
| 020 |
_c425.00 _a9789356821934 |
||
| 035 | _aHN-103170 | ||
| 037 | _bDBAD | ||
| 082 |
_a822 _21 |
||
| 245 |
_aप्रेमचंद मंच पर/ _cरूपांतरकार द्वारा रिंकल शर्मा |
||
| 250 | _a1 | ||
| 260 |
_bप्रभाकर प्रकाशन _c2023 _aदिल्ली |
||
| 270 |
_bदिल्ली _aप्लाट न.-55, मेन मदर डेरी रोड, पांडव नगर ईस्ट _e110092 _k011-40395855 _k8368220032 |
||
| 300 |
_a138पृ. _c22सेमी (सजिल्द) |
||
| 700 |
_aशर्मा, रिंकल _eरूपांतरकार _986235 |
||
| 942 |
_2ddc _cHN _h822 _mप्रेमचं |
||
| 999 |
_c214033 _d214033 |
||